La profecía de Isaías

Salvato in:
Dettagli Bibliografici
Autore principale: Ramis Darder, Francesc (Autore)
Natura: Libro
Lingua:spagnolo
Pubblicazione: Pamplona Asociación Bíblica Española 2000
Pamplona Verbo Divino 2000
Serie:Reseña Bíblica, 25
Soggetti:
Tags: Aggiungi Tag
Nessun Tag, puoi essere il primo ad aggiungerne!!

MARC

LEADER 00000nam a2200000 a 4500
001 UCM2738
003 CL-VaPUC
008 020613e20000000SP |||||||||||||||||spa|d
082 0 4 |a 224.1  |b RAM  |2 21 
100 0 |a Ramis Darder, Francesc  |e author  |9 469506 
245 1 3 |a La profecía de Isaías 
300 |a 71 p 
942 |c BK 
945 |d 20020613 00:00:00  |a cmena 
260 |a Pamplona  |b Asociación Bíblica Española  |c 2000 
260 |a Pamplona  |b Verbo Divino  |c 2000 
600 0 |a Isaías   |9 432157 
650 0 |a Profecías  |9 266038 
650 7 |a LIBROS SAGRADOS  |2 CL-VaPUC  |9 469507 
650 0 |a Biblia  |9 257603 
583 |a last modification  |c 20130618 07:41:03  |k Rodrigo Vera 
490 0 |a Reseña Bíblica, 25 
999 |c 300459  |d 300457 
952 |0 0  |1 2  |4 0  |6 224_100000000000000_RAM_2000_2000  |7 0  |8 A  |9 358278  |a BIBTEO  |b BIBTEO  |d 2019-11-21  |i 3819655  |o 224.1 RAM 2000 2000  |p 3819655  |r 2019-11-21  |w 2019-11-21  |y BK  |k ICR